| 000 | 01000nam a2200241 a 4500 | ||
|---|---|---|---|
| 001 | 000760693 | ||
| 003 | AM-YeHGA | ||
| 005 | 20250617162318.0 | ||
| 008 | 100924s1957 ru |||||r|||||000|0|rus|d | ||
| 040 | _aAM-YeHGA | ||
| 041 | 1 |
_arus _heng |
|
| 100 | 1 | _aТасаки, И. | |
| 245 | 1 | 0 |
_aПроведение нервного импульса / _cИ. Тасаки ; Пер. с англ. Г.М. Никитиной ; Под ред. Е.Б. Бабского. |
| 260 |
_aМосква : _bИзд-во иностранной литературы, _c1957. |
||
| 300 |
_a187 с. : _bил. ; _c20 см. |
||
| 504 | _aБиблиогр.: с. 177-183 | ||
| 534 |
_pОригинал на англ.: _tNervous Transmission / _aI.Tasaki. - _cSpringfield [etc.], 1953. |
||
| 650 | 1 | 4 | _aНейрофизиология |
| 650 | 1 | 4 | _aНервного возбуждения передача |
| 700 | 1 |
_aНикитина, Г.М. _eпер. _4trl |
|
| 700 | 1 |
_aБабский, Е.Б. _eред. _4edt |
|
| 090 | _c490557 | ||
| 999 |
_c487188 _d487188 |
||